000 00983nam2a22002651 4500
001 rc\3908805
005 20130415105221.0
021 _aRU
_b[55-55447]
021 _aRU
_b[55-49984]
035 _a(NLR Aleph) 008018082
090 _a8743123
_c8743123
100 _a20130415d1955 |||y0rusy50 ca
101 1 _arus
_ceng
_cger
_cfre
_cita
102 _aRU
105 _aab z |||||
200 0 _aТ. 2
_fПер. с англ., нем., фр. и итал. Б.С. Израиля [и др.]
210 _aМосква
_cИзд-во иностр. лит.
_d1955
215 _a440 с., 5 л. карт.
_cил., карт.
461 0 _1001rc\3908803
_12001#$aЖелезорудные месторождения мира$eСборник статей$fПод ред. и с предисл. Г.А. Соколова. Т. 1-2$vТ. 2
702 1 _aИзраиль
_bБ. С.
_4730
801 0 _aRU
_bNLR
_gpsbo
801 1 _aRU
_bELAR
_2rusmarc
852 _aNLR
_jГн02 Г-7/221
942 _cBOOK
980 _aNB